Hodnotenie technologických procesov v podnikaní
Hodnotenie manažmentu technológií na základe metodiky Cambridge. Kľúčové kroky hodnotenia manažmentu technológií podľa metodiky Cambridge. Návrh komplexnejšieho modelu hodnotenia manažmentu technológií. Strategický súlad technológie. Ekonomické ukazovatele technológie. Časová návratnosť technologick...
Salvato in:
| Autore principale: | |
|---|---|
| Natura: | Capitolo di libro |
| Lingua: | slovacco |
| Soggetti: | |
| Tags: |
Nessun Tag, puoi essere il primo ad aggiungerne!!
|
MARC
| LEADER | 00000nla$a2200000$$$4500 | ||
|---|---|---|---|
| 001 | 0134031 | ||
| 005 | 20221107083457.6 | ||
| 041 | 0 | |a slo | |
| 044 | |a CZ | ||
| 245 | 1 | 0 | |a Hodnotenie technologických procesov v podnikaní |c Marek Jemala |
| 520 | |a Hodnotenie manažmentu technológií na základe metodiky Cambridge. Kľúčové kroky hodnotenia manažmentu technológií podľa metodiky Cambridge. Návrh komplexnejšieho modelu hodnotenia manažmentu technológií. Strategický súlad technológie. Ekonomické ukazovatele technológie. Časová návratnosť technologickej inovácie. Inovačná náročnosť technológie. Trhová úspešnosť technológie. | ||
| 610 | 2 | 0 | |a technológie nové |
| 610 | 2 | 0 | |a manažment |
| 610 | 2 | 0 | |a inovácia |
| 610 | 2 | 0 | |a plánovanie |
| 610 | 2 | 0 | |a efektívnosť |
| 610 | 2 | 0 | |a väzba spätná |
| 100 | 1 | |a Jemala, Marek | |